| 000 | 01135nmm a2200313 a 4500 | ||
|---|---|---|---|
| 001 | ocm0001864756 | ||
| 003 | TR-IsHL | ||
| 005 | 20201028171923.0 | ||
| 008 | 180415s2016 tu eng | ||
| 007 | cr cn | ||
| 020 | _a9786059496292 | ||
| 035 |
_a1864756 _b(N$T) |
||
| 050 | 0 | 4 |
_aTK140.T4 _bM37 2016 |
| 090 | 0 | 4 |
_aTK140.T4 _bM37 2016 |
| 100 | 1 | _aMartin, Thomas Commerford | |
| 245 | 1 | 0 |
_aThe inventions researches and writings of Nikola Tesla _h[electronic resource] / _cThomas Commerford Martin ; complete and illustrated Thomas Martin |
| 260 |
_aİstanbul : _be-Kitap Projesi & Cheapest Books, _c2016 |
||
| 300 | _a605 p. | ||
| 650 | 4 | _aMühendislik ve Teknoloji | |
| 650 | 4 | _aEngineering and Technology | |
| 650 | 0 | _aTesla, Nikola, 1856-1943 | |
| 650 | 0 | _aElektrik mühendisliği | |
| 650 | 0 | _aElectrical engineering | |
| 650 | 0 | _aElektrik akımları, Alternatif | |
| 650 | 0 | _aElectric currents, Alternating | |
| 650 | 7 |
_aTECHNOLOGY & ENGINEERING / Electrical _2bisacsh |
|
| 700 | 1 | _aMartin, Thomas | |
| 856 | 4 | 0 | _uhttp://search.ebscohost.com/login.aspx?direct=true&scope=site&db=e011xww&AN=1864756 |
| 999 |
_c16944 _d16944 |
||